000
00477nam a2200157Ia 4500
008
100122s9999 xx 000 0 und d
082
_b
53639
_a
922.945
100
_a
उमदीकर भाऊराव
245
_a
जीवनगंगा
260
_b
सदानंद आरोसकर
_c
1997
300
_a
133
630
_a
जीवनगंगा
700
_a
देशपांडे म श्री
730
_a
जीवनगंगा
942
_c
BOOK
999
_c
430645
_d
430642